PRIVATIZING Malaysia : rents, rhetoric, realities

Bibliographic Details
Other Authors: Jomo (Jomo Kwame Sundaram)
Format: Book
Published: Boulder, Colo. : Westview Press , 1995
Series:[Transitions--Asia and the Pacific]
Subjects:

MARC

LEADER 00000cam a2200000 7i4500
001 0000001410
005 20040311.0
020 0 0 |a 0813388619 
090 0 0 |a 338.9595   |b PRI 1995 
245 0 0 |a PRIVATIZING Malaysia :   |b rents, rhetoric, realities   |c edited by Jomo K.S. 
260 0 0 |a Boulder, Colo. :   |b Westview Press ,   |c 1995 
300 |a xvii, 281 p. :   |b ill. ;   |c 24 cm. 
440 0 0 |a [Transitions--Asia and the Pacific] 
500 0 0 |a Bibliography : (p. 250-261) and index 
650 0 0 |a Privatization   |z Malaysia 
700 0 1 |a Jomo   |h K. S [  |q (Jomo Kwame Sundaram)] 
998 |a JPSM 
999 |a 0000002705   |b Monograph   |c Open Shelf   |e Default branch